[Event "VII Sunway Sitges Open-B 2020"]
[Site "Sitges"]
[Date "2020.12.17"]
[Round "5.4"]
[White "Lopez Capape, Armando"]
[Black "Aballanet Beltran, Eloi"]
[Result "1-0"]
[WhiteElo "1772"]
[BlackElo "1502"]
[Annotator "NA RC"]
[PlyCount "95"]
[EventDate "2020.12.13"]
[EventType "swiss"]
[EventCountry "ESP"]
[SourceTitle "playchess.com"]
[Source "ChessBase"]
[SourceQuality "1"]

1. c4 c5 {[%emt 0:02:14]} 2. Nc3 {[%emt 0:00:30]} Nc6 3. g3 {[%emt 0:00:41]} g6 {[%emt 0:01:35]} 4. Bg2 {[%emt 0:00:15]} Bg7 {[%emt 0:01:41]} 5. Nf3 {[%emt 0:04:58]} e6 {[%emt 0:02:22]} 6. O-O Nge7 7. e3 {[%emt 0:09:00]} d5 {[%emt 0:00:48]} 8. cxd5 {[%emt 0:00:34]} exd5 {[%emt 0:00:24]} 9. d4 Bg4 10. dxc5 {[%emt 0:05:54]} O-O {[%emt 0:07:46]} 11. h3 {[%emt 0:01:31]} Be6 {[%emt 0:07:43]} 12. Nd4 Nxd4 {[%emt 0:04:08]} 13. exd4 {[%emt 0:00:46]} Nf5 {[%emt 0:01:58]} 14. Ne2 {[%emt 0:05:01]} b6 15. b4 {[%emt 0:07:05]} a5 {[%emt 0:00:50]} 16. Ba3 {[%emt 0:03:47]} Re8 {[%emt 0:16:24]} 17. Qd2 bxc5 {[%emt 0:07:39]} 18. bxc5 {[%emt 0:00:45]} Qd7 {[%emt 0:00:45]} 19. Bb2 {[%emt 0:03:06]} a4 20. a3 Reb8 {[%emt 0:06:53]} 21. Bc3 {[%emt 0:00:59]} Rb3 {[%emt 0:00:31]} 22. Rfb1 {[%emt 0:05:19]} Rab8 {[%emt 0:02:33]} 23. Bb4 {[%emt 0:04:16]} h5 {[%emt 0:00:18]} 24. Rxb3 {[%emt 0:01:51]} axb3 {[%emt 0:01:10]} 25. Rc1 Ne7 {[%emt 0:03:37]} 26. Rc3 {[%emt 0:07:45]} Bxh3 27. Rxb3 {[%emt 0:00:01]} Bxg2 {[%emt 0:05:52]} 28. Kxg2 {[%emt 0:07:25]} Nf5 {[%emt 0:03:39]} 29. Rb1 {[%emt 0:02:11]} Re8 {[%emt 0:01:20]} 30. Re1 {[%emt 0:02:28]} Qe6 {[%emt 0:02:25]} 31. Nf4 Qxe1 32. Qxe1 {[%emt 0:00:40]} Rxe1 {[%emt 0:00:33]} 33. Bxe1 Bxd4 34. c6 {[%emt 0:03:49]} Ne7 {[%emt 0:00:54]} 35. c7 {[%emt 0:02:49]} Nc8 {[%emt 0:08:03]} 36. Bb4 {[%emt 0:01:46]} Kg7 {[%emt 0:02:34]} 37. Kf3 {[%emt 0:00:19]} Bb6 {[%emt 0:02:24]} 38. Nxd5 f5 {[%emt 0:00:09]} 39. Nxb6 {[%emt 0:07:53]} Nxb6 {[%emt 0:00:00]} 40. Bc5 {[%emt 0:00:00]} Nc8 {[%emt 0:00:00]} 41. a4 {[%emt 0:01:27]} Kf6 {[%emt 0:02:27]} 42. a5 Ke6 {[%emt 0:00:13]} 43. a6 {[%emt 0:01:12]} Kd7 44. a7 {[%emt 0:00:42]} Nxa7 {[%emt 0:00:58]} 45. Bxa7 {[%emt 0:00:03]} Kxc7 {[%emt 0:01:13]} 46. Kf4 {[%emt 0:01:23]} Kc6 {[%emt 0:01:39]} 47. Kg5 {[%emt 0:00:27]} h4 48. gxh4 1-0

[Event "VII Sunway Sitges Open-B 2020"]
[Site "Sitges"]
[Date "2020.12.19"]
[Round "6.1"]
[White "Ribon Calabia, Mariano"]
[Black "Parra Ordorica, Arnau"]
[Result "1/2-1/2"]
[WhiteElo "1733"]
[BlackElo "1796"]
[Annotator "NA RC"]
[PlyCount "120"]
[EventDate "2020.12.13"]
[EventType "swiss"]
[EventCountry "ESP"]
[SourceTitle "playchess.com"]
[Source "ChessBase"]
[SourceQuality "1"]

1. e4 {[%emt 0:00:00]} e6 {[%emt 0:00:01]} 2. d4 {[%emt 0:00:00]} d5 {[%emt 0:00:41]} 3. Nc3 {[%emt 0:00:08]} Bb4 {[%emt 0:00:55]} 4. exd5 {[%emt 0:00:38]} exd5 {[%emt 0:01:05]} 5. Bd2 {[%emt 0:00:26]} c6 {[%emt 0:02:46]} 6. Bd3 {[%emt 0:00:55]} Nf6 {[%emt 0:02:30]} 7. Nge2 {[%emt 0:04:20]} O-O {[%emt 0:02:27]} 8. O-O {[%emt 0:01:04]} Nbd7 {[%emt 0:00:47]} 9. Ng3 {[%emt 0:00:21]} Nb6 {[%emt 0:02:20]} 10. b3 {[%emt 0:05:29]} a5 {[%emt 0:02:28]} 11. Nh5 {[%emt 0:14:46]} Be7 {[%emt 0:11:53]} 12. Re1 {[%emt 0:02:01]} Nxh5 {[%emt 0:03:45]} 13. Qxh5 {[%emt 0:00:08]} g6 {[%emt 0:00:11]} 14. Qf3 {[%emt 0:00:55]} Be6 {[%emt 0:01:14]} 15. Ne2 {[%emt 0:01:29]} Bf6 {[%emt 0:01:54]} 16. Bh6 {[%emt 0:05:02]} Re8 {[%emt 0:00:33]} 17. c3 {[%emt 0:11:41]} Bh8 {[%emt 0:03:20]} 18. Nf4 {[%emt 0:06:08]} Qd7 {[%emt 0:00:40]} 19. Re3 {[%emt 0:10:46]} f5 {[%emt 0:05:43]} 20. Rae1 {[%emt 0:00:51]} Bf7 {[%emt 0:00:11]} 21. h4 {[%emt 0:04:27]} Bf6 {[%emt 0:04:49]} 22. Bg5 {[%emt 0:02:39]} Bxg5 {[%emt 0:01:50]} 23. hxg5 {[%emt 0:00:06]} Rxe3 {[%emt 0:00:21]} 24. Rxe3 {[%emt 0:00:22]} Re8 {[%emt 0:00:32]} 25. Qe2 {[%emt 0:00:57]} Rxe3 {[%emt 0:02:05]} 26. Qxe3 {[%emt 0:00:13]} Nc8 {[%emt 0:01:41]} 27. Bb1 {[%emt 0:02:55]} Qe8 {[%emt 0:02:05]} 28. Nd3 {[%emt 0:03:52]} Qxe3 {[%emt 0:00:52]} 29. fxe3 {[%emt 0:00:05]} Nd6 {[%emt 0:00:25]} 30. Nc5 {[%emt 0:01:55]} Be8 {[%emt 0:02:53]} 31. Kf2 {[%emt 0:02:35]} b6 {[%emt 0:02:54]} 32. Na4 {[%emt 0:00:47]} b5 {[%emt 0:00:17]} 33. Nc5 {[%emt 0:00:16]} Nf7 {[%emt 0:00:25]} 34. a4 {[%emt 0:03:35]} Nxg5 {[%emt 0:01:14]} 35. Nb7 {[%emt 0:01:02]} Ne6 {[%emt 0:03:38]} 36. Nxa5 {[%emt 0:00:43]} c5 {[%emt 0:01:38]} 37. axb5 {[%emt 0:04:22]} Bxb5 {[%emt 0:00:59]} 38. c4 {[%emt 0:00:10]} dxc4 {[%emt 0:01:32]} 39. bxc4 {[%emt 0:00:08]} Ba4 {[%emt 0:00:43]} 40. d5 {[%emt 0:00:00]} Nd8 {[%emt 0:00:00]} 41. Kf3 {[%emt 0:02:01]} Kf7 {[%emt 0:01:23]} 42. e4 {[%emt 0:02:00]} fxe4+ {[%emt 0:00:40]} 43. Bxe4 {[%emt 0:00:21]} Kf6 {[%emt 0:01:40]} 44. Kf4 {[%emt 0:01:17]} h5 {[%emt 0:02:27]} 45. Bf3 {[%emt 0:02:02]} g5+ {[%emt 0:04:36]} 46. Ke3 {[%emt 0:01:24]} g4 {[%emt 0:02:53]} 47. Be4 {[%emt 0:00:46]} Ke5 {[%emt 0:02:35]} 48. g3 {[%emt 0:00:16]} Be8 {[%emt 0:01:12]} 49. Nc6+ {[%emt 0:02:19]} Bxc6 {[%emt 0:02:56]} 50. dxc6 {[%emt 0:00:08]} Kd6 {[%emt 0:00:17]} 51. Kf4 {[%emt 0:10:10]} Ne6+ {[%emt 0:00:16]} 52. Kf5 {[%emt 0:00:29]} Nd4+ {[%emt 0:04:37]} 53. Kg5 {[%emt 0:04:07]} Ne2 {[%emt 0:01:28]} 54. Kh4 {[%emt 0:00:11]} Kc7 {[%emt 0:02:07]} 55. Bd3 {[%emt 0:01:00]} Nd4 {[%emt 0:07:29]} 56. Kxh5 {[%emt 0:00:52]} Nxc6 {[%emt 0:00:37]} 57. Be2 {[%emt 0:02:46]} Ne5 {[%emt 0:02:48]} 58. Bxg4 {[%emt 0:00:36]} Nxc4 {[%emt 0:00:13]} 59. Be2 {[%emt 0:01:06]} Ne5 {[%emt 0:00:24]} 60. g4 {[%emt 0:00:07]} Nxg4 {[%emt 0:00:11]} 1/2-1/2

[Event "VII Sunway Sitges Open-B 2020"]
[Site "Sitges"]
[Date "2020.12.19"]
[Round "6.3"]
[White "Colomer Gomez, Jordi"]
[Black "Casares Bonals, Asier"]
[Result "0-1"]
[WhiteElo "1692"]
[BlackElo "1537"]
[Annotator "NA RC"]
[PlyCount "128"]
[EventDate "2020.12.13"]
[EventType "swiss"]
[EventCountry "ESP"]
[SourceTitle "playchess.com"]
[Source "ChessBase"]
[SourceQuality "1"]

1. e4 e6 2. d4 d5 3. Nd2 Be7 4. Ngf3 Nf6 5. e5 Nfd7 6. c3 c5 7. Bd3 Nc6 8. O-O g5 9. Bb5 Qb6 10. Bxc6 bxc6 11. dxc5 Bxc5 12. Nb3 Be7 13. Re1 g4 14. Nfd2 h5 15. Nf1 Ba6 16. Bf4 Bb5 17. Nd4 Bxf1 18. Rxf1 c5 19. Nb3 c4 20. Nd4 Qxb2 21. Qa4 Qb7 22. Rab1 Qc8 23. Nc6 Bc5 24. Be3 Kf8 25. Qb5 Bxe3 26. fxe3 Kg7 27. e4 a6 28. Qb7 dxe4 29. Nd4 Qxb7 30. Rxb7 Nxe5 31. Nxe6+ Kg6 32. Nf4+ Kg5 33. h4+ Kxh4 34. Kf2 Kg5 35. Ke3 Rab8 36. Rc7 Rhe8 37. Rc5 f5 38. Ra5 Rb6 39. g3 Rd6 40. Rh1 Rh6 41. Rxa6 Rxa6 42. Rxh5+ Kf6 43. Rh6+ Kf7 44. Rxa6 Nd3 45. Nd5 Re6 46. Ra7+ Kg6 47. a4 Rd6 48. Ra5 Kf7 49. Nc7 Kg6 50. Nd5 Nb2 51. Ne7+ Kf6 52. Nd5+ Ke6 53. Nf4+ Kf6 54. Nd5+ Kg5 55. Ke2 Nxa4 56. Rxa4 Rxd5 57. Rxc4 Rd3 58. Kf2 Rd2+ 59. Kf1 e3 60. Rc8 Rf2+ 61. Kg1 f4 62. Rg8+ Kf5 63. Rf8+ Ke4 64. gxf4 Kf3 0-1

[Event "VII Sunway Sitges Open-B 2020"]
[Site "Sitges"]
[Date "2020.12.19"]
[Round "6.4"]
[White "Molina Tabernero, Jordi"]
[Black "Garcia Rodriguez, Laia"]
[Result "0-1"]
[WhiteElo "1436"]
[BlackElo "1168"]
[Annotator "NA RC"]
[PlyCount "130"]
[EventDate "2020.12.13"]
[EventType "swiss"]
[EventCountry "ESP"]
[SourceTitle "playchess.com"]
[Source "ChessBase"]
[SourceQuality "1"]

1. d4 {[%emt 0:04:50]} d5 {[%emt 0:00:07]} 2. Bf4 {[%emt 0:00:12]} Nf6 {[%emt 0:01:56]} 3. Nf3 {[%emt 0:00:42]} e6 {[%emt 0:02:55]} 4. e3 {[%emt 0:00:44]} Bd6 {[%emt 0:01:24]} 5. Nbd2 {[%emt 0:04:10]} h6 {[%emt 0:09:48]} 6. Bd3 {[%emt 0:02:18]} O-O {[%emt 0:01:26]} 7. c3 {[%emt 0:01:21]} Nc6 {[%emt 0:03:59]} 8. Ne5 {[%emt 0:14:03]} Qe7 {[%emt 0:08:47]} 9. O-O {[%emt 0:01:41]} Nd7 {[%emt 0:08:31]} 10. Nxc6 {[%emt 0:08:16]} bxc6 {[%emt 0:00:29]} 11. Qf3 {[%emt 0:05:41]} c5 {[%emt 0:04:30]} 12. Qg3 Rb8 {[%emt 0:05:21]} 13. b3 {[%emt 0:04:34]} Bb7 {[%emt 0:02:34]} 14. e4 {[%emt 0:04:36]} dxe4 {[%emt 0:05:25]} 15. Nxe4 {[%emt 0:01:34]} Bxf4 {[%emt 0:03:57]} 16. Qxf4 {[%emt 0:00:31]} cxd4 {[%emt 0:01:49]} 17. cxd4 {[%emt 0:00:49]} Nb6 {[%emt 0:01:43]} 18. Nc3 {[%emt 0:02:49]} Rfd8 {[%emt 0:02:21]} 19. Rad1 {[%emt 0:05:45]} Qd7 {[%emt 0:04:57]} 20. Bc2 {[%emt 0:01:23]} Qc6 {[%emt 0:02:40]} 21. Qf3 {[%emt 0:10:43]} Qxf3 {[%emt 0:01:11]} 22. gxf3 {[%emt 0:00:05]} Bxf3 {[%emt 0:00:16]} 23. Rd3 {[%emt 0:00:34]} Bh5 {[%emt 0:01:54]} 24. Kh1 {[%emt 0:01:25]} Bg6 25. Rd2 c5 {[%emt 0:10:39]} 26. Bxg6 {[%emt 0:03:33]} fxg6 {[%emt 0:00:38]} 27. Rfd1 {[%emt 0:01:00]} cxd4 {[%emt 0:01:53]} 28. Rxd4 {[%emt 0:00:18]} Rxd4 {[%emt 0:02:35]} 29. Rxd4 {[%emt 0:00:06]} Rc8 {[%emt 0:04:55]} 30. Rd3 Rc5 {[%emt 0:01:28]} 31. Kg2 {[%emt 0:05:35]} Nd5 {[%emt 0:00:17]} 32. Nxd5 {[%emt 0:02:27]} exd5 {[%emt 0:00:48]} 33. Kf3 {[%emt 0:04:13]} Kf7 34. Kf4 {[%emt 0:03:44]} Kf6 {[%emt 0:01:02]} 35. a3 a5 {[%emt 0:01:49]} 36. b4 {[%emt 0:02:40]} axb4 {[%emt 0:00:28]} 37. axb4 {[%emt 0:00:04]} Rb5 {[%emt 0:00:16]} 38. Rd4 {[%emt 0:00:34]} g5+ {[%emt 0:00:43]} 39. Kf3 {[%emt 0:01:59]} Kf5 {[%emt 0:00:30]} 40. h3 {[%emt 0:00:00]} Ke5 {[%emt 0:00:00]} 41. Ke3 {[%emt 0:01:31]} Rb7 {[%emt 0:02:40]} 42. f4+ gxf4+ {[%emt 0:01:27]} 43. Rxf4 {[%emt 0:02:27]} Ra7 {[%emt 0:03:37]} 44. Rh4 {[%emt 0:02:22]} Ra3+ 45. Kd2 {[%emt 0:01:12]} d4 {[%emt 0:04:15]} 46. Rh5+ Ke4 {[%emt 0:00:48]} 47. Rh4+ {[%emt 0:01:12]} Kd5 {[%emt 0:00:18]} 48. Rh5+ {[%emt 0:01:11]} Kc4 49. Rc5+ {[%emt 0:09:14]} Kxb4 {[%emt 0:02:00]} 50. Rc7 {[%emt 0:00:49]} g5 {[%emt 0:01:45]} 51. Rb7+ {[%emt 0:00:27]} Kc5 {[%emt 0:00:55]} 52. Rc7+ {[%emt 0:01:37]} Kd6 {[%emt 0:00:44]} 53. Rc8 {[%emt 0:01:37]} Rxh3 {[%emt 0:01:10]} 54. Rd8+ {[%emt 0:00:23]} Ke5 {[%emt 0:00:20]} 55. Re8+ {[%emt 0:00:23]} Kf4 {[%emt 0:02:28]} 56. Rd8 Rh2+ 57. Kd3 {[%emt 0:01:25]} g4 {[%emt 0:03:45]} 58. Rxd4+ {[%emt 0:00:16]} Kf3 59. Re4 g3 {[%emt 0:00:56]} 60. Re3+ {[%emt 0:01:25]} Kg4 {[%emt 0:00:54]} 61. Re1 {[%emt 0:03:05]} g2 {[%emt 0:01:11]} 62. Re4+ {[%emt 0:03:27]} Kf5 {[%emt 0:00:44]} 63. Re8 g1=Q {[%emt 0:00:11]} 64. Rf8+ {[%emt 0:02:15]} Ke6 {[%emt 0:00:53]} 65. Re8+ {[%emt 0:00:35]} Kd7 0-1

[Event "VII Sunway Sitges Open-B 2020"]
[Site "Sitges"]
[Date "2020.12.20"]
[Round "7.1"]
[White "Parra Ordorica, Arnau"]
[Black "Fonseca, Pedro Miguel Ramos"]
[Result "1/2-1/2"]
[WhiteElo "1796"]
[BlackElo "1667"]
[Annotator "NA RC"]
[PlyCount "78"]
[EventDate "2020.12.13"]
[EventType "swiss"]
[EventCountry "ESP"]
[SourceTitle "playchess.com"]
[Source "ChessBase"]
[SourceQuality "1"]

1. d4 {[%emt 0:00:00]} Nf6 {[%emt 0:00:00]} 2. Nf3 {[%emt 0:00:04]} e6 {[%emt 0:00:30]} 3. g3 {[%emt 0:00:43]} c5 {[%emt 0:00:30]} 4. Bg2 {[%emt 0:01:02]} cxd4 {[%emt 0:00:31]} 5. O-O {[%emt 0:01:07]} d5 {[%emt 0:01:57]} 6. Nxd4 {[%emt 0:01:05]} e5 {[%emt 0:00:19]} 7. Nb3 {[%emt 0:00:49]} Be6 {[%emt 0:03:55]} 8. c4 {[%emt 0:03:15]} Nc6 {[%emt 0:01:31]} 9. cxd5 {[%emt 0:01:51]} Nxd5 {[%emt 0:03:16]} 10. Bd2 {[%emt 0:07:25]} Be7 {[%emt 0:06:30]} 11. Nc3 Nb6 {[%emt 0:04:49]} 12. Ne4 {[%emt 0:11:22]} Bd5 {[%emt 0:04:50]} 13. Bc3 {[%emt 0:02:08]} Qc7 {[%emt 0:05:32]} 14. Rc1 {[%emt 0:05:23]} Rd8 {[%emt 0:03:52]} 15. Qc2 Qb8 {[%emt 0:06:16]} 16. Nec5 {[%emt 0:08:32]} Bxg2 {[%emt 0:04:54]} 17. Kxg2 {[%emt 0:02:05]} O-O {[%emt 0:03:22]} 18. Rfd1 {[%emt 0:07:50]} Nd5 {[%emt 0:03:15]} 19. Be1 Bxc5 {[%emt 0:06:22]} 20. Qxc5 {[%emt 0:06:27]} Nf6 {[%emt 0:02:27]} 21. Bc3 {[%emt 0:02:29]} Rxd1 {[%emt 0:01:26]} 22. Rxd1 {[%emt 0:00:02]} Ne4 {[%emt 0:00:18]} 23. Qc4 {[%emt 0:00:24]} Nxc3 {[%emt 0:00:12]} 24. Qxc3 {[%emt 0:00:03]} Rd8 {[%emt 0:02:26]} 25. Rxd8+ {[%emt 0:00:48]} Qxd8 {[%emt 0:00:11]} 26. Nc5 {[%emt 0:01:00]} Nd4 {[%emt 0:03:18]} 27. Qc4 {[%emt 0:05:52]} Qc7 {[%emt 0:02:30]} 28. Qd5 Nc6 {[%emt 0:01:38]} 29. a3 {[%emt 0:01:58]} Ne7 {[%emt 0:02:06]} 30. Qd7 {[%emt 0:01:05]} Qxd7 {[%emt 0:00:30]} 31. Nxd7 {[%emt 0:02:13]} f6 {[%emt 0:00:37]} 32. Nc5 {[%emt 0:00:28]} b6 {[%emt 0:00:25]} 33. Ne4 {[%emt 0:00:06]} Kf7 {[%emt 0:00:39]} 34. Nd6+ {[%emt 0:00:53]} Ke6 {[%emt 0:00:20]} 35. Nb5 {[%emt 0:00:12]} Nc8 {[%emt 0:00:54]} 36. e4 {[%emt 0:00:42]} Kd7 {[%emt 0:00:20]} 37. Kf3 {[%emt 0:00:31]} Nd6 {[%emt 0:01:42]} 38. Nxd6 {[%emt 0:02:06]} Kxd6 {[%emt 0:00:12]} 39. Ke3 {[%emt 0:00:12]} Ke6 {[%emt 0:00:28]} 1/2-1/2

[Event "VII Sunway Sitges Open-B 2020"]
[Site "Sitges"]
[Date "2020.12.20"]
[Round "7.2"]
[White "Mompel Ferruz, Xavier"]
[Black "Valarezzo Ricard, Pedro"]
[Result "1/2-1/2"]
[WhiteElo "1596"]
[BlackElo "1831"]
[Annotator "NA RC"]
[PlyCount "172"]
[EventDate "2020.12.13"]
[EventType "swiss"]
[EventCountry "ESP"]
[SourceTitle "playchess.com"]
[Source "ChessBase"]
[SourceQuality "1"]

1. e4 {[%emt 0:00:00]} d5 {[%emt 0:13:20]} 2. exd5 {[%emt 0:00:00]} Qxd5 {[%emt 0:00:03]} 3. d4 {[%emt 0:00:00]} e5 {[%emt 0:00:04]} 4. Nf3 {[%emt 0:00:08]} exd4 {[%emt 0:00:24]} 5. Qxd4 {[%emt 0:03:41]} Qxd4 {[%emt 0:00:11]} 6. Nxd4 {[%emt 0:00:06]} c6 {[%emt 0:00:02]} 7. Bc4 {[%emt 0:01:29]} Bc5 {[%emt 0:00:11]} 8. Nb3 {[%emt 0:00:46]} Bb4+ {[%emt 0:02:35]} 9. Bd2 {[%emt 0:00:41]} Bxd2+ {[%emt 0:00:12]} 10. N1xd2 {[%emt 0:00:25]} Nf6 {[%emt 0:00:03]} 11. O-O {[%emt 0:01:59]} O-O {[%emt 0:00:09]} 12. Rfe1 {[%emt 0:02:14]} Bf5 {[%emt 0:00:19]} 13. c3 {[%emt 0:01:24]} Nbd7 {[%emt 0:00:14]} 14. Nf3 {[%emt 0:01:08]} Nb6 {[%emt 0:00:18]} 15. Bf1 {[%emt 0:04:00]} Na4 {[%emt 0:00:53]} 16. Nbd4 {[%emt 0:05:07]} Be4 {[%emt 0:06:37]} 17. Nd2 {[%emt 0:19:29]} Bg6 {[%emt 0:03:29]} 18. f4 {[%emt 0:03:02]} h5 {[%emt 0:11:00]} 19. f5 {[%emt 0:11:09]} Bh7 20. Bd3 {[%emt 0:00:39]} c5 {[%emt 0:06:10]} 21. N4b3 {[%emt 0:09:32]} Rad8 {[%emt 0:01:53]} 22. Bc2 {[%emt 0:05:58]} Nxb2 {[%emt 0:03:54]} 23. Ne4 {[%emt 0:01:40]} Nxe4 {[%emt 0:00:24]} 24. Bxe4 {[%emt 0:00:08]} b6 {[%emt 0:02:18]} 25. Rab1 {[%emt 0:03:29]} Na4 {[%emt 0:02:49]} 26. Rbc1 {[%emt 0:03:31]} Rd6 {[%emt 0:00:59]} 27. c4 {[%emt 0:02:22]} Rfd8 {[%emt 0:03:59]} 28. Bd5 {[%emt 0:02:05]} Bxf5 {[%emt 0:00:13]} 29. Re7 {[%emt 0:00:19]} a5 {[%emt 0:01:29]} 30. Rf1 {[%emt 0:03:14]} Be6 {[%emt 0:00:33]} 31. Bxe6 {[%emt 0:02:03]} Rxe6 {[%emt 0:00:10]} 32. Rfxf7 {[%emt 0:01:47]} Rg6 {[%emt 0:00:17]} 33. Rd7 {[%emt 0:01:19]} Rxd7 {[%emt 0:00:22]} 34. Rxd7 {[%emt 0:00:08]} Nb2 {[%emt 0:00:10]} 35. Nd2 {[%emt 0:00:57]} Rg4 {[%emt 0:00:42]} 36. h3 {[%emt 0:01:02]} Rd4 {[%emt 0:00:21]} 37. Rxd4 {[%emt 0:00:14]} cxd4 {[%emt 0:00:02]} 38. Kf2 {[%emt 0:00:37]} Nd3+ {[%emt 0:01:35]} 39. Kf3 {[%emt 0:01:11]} Nc5 {[%emt 0:00:02]} 40. Nb3 {[%emt 0:00:00]} d3 {[%emt 0:00:00]} 41. Nxc5 {[%emt 0:02:10]} bxc5 {[%emt 0:01:04]} 42. Ke3 {[%emt 0:00:08]} d2 {[%emt 0:00:52]} 43. Kxd2 {[%emt 0:00:12]} Kf7 {[%emt 0:00:04]} 44. Ke3 {[%emt 0:02:14]} Ke6 {[%emt 0:00:08]} 45. Ke4 {[%emt 0:02:41]} h4 {[%emt 0:00:19]} 46. Kf4 {[%emt 0:00:41]} a4 {[%emt 0:00:51]} 47. a3 {[%emt 0:02:33]} Kf6 {[%emt 0:00:56]} 48. Ke4 {[%emt 0:01:25]} Ke6 {[%emt 0:00:14]} 49. Kf4 {[%emt 0:00:20]} g6 {[%emt 0:04:27]} 50. Kg4 {[%emt 0:02:01]} Ke5 {[%emt 0:00:36]} 51. Kxh4 {[%emt 0:00:07]} Kd4 {[%emt 0:00:00]} 52. Kg5 {[%emt 0:00:16]} Kxc4 {[%emt 0:00:06]} 53. Kxg6 {[%emt 0:00:07]} Kb3 {[%emt 0:02:36]} 54. h4 {[%emt 0:00:10]} c4 {[%emt 0:00:01]} 55. h5 {[%emt 0:00:07]} c3 {[%emt 0:00:08]} 56. h6 {[%emt 0:00:08]} c2 {[%emt 0:00:02]} 57. h7 {[%emt 0:00:06]} c1=Q 58. h8=Q Qc6+ {[%emt 0:04:42]} 59. Qf6 {[%emt 0:02:41]} Qxg2+ {[%emt 0:10:12]} 60. Kf7 {[%emt 0:01:01]} Qd5+ {[%emt 0:01:06]} 61. Kg6 {[%emt 0:00:43]} Qd3+ {[%emt 0:00:54]} 62. Kh6 {[%emt 0:00:42]} Qd2+ {[%emt 0:02:40]} 63. Kh7 {[%emt 0:00:29]} Qc2+ {[%emt 0:00:08]} 64. Kg8 {[%emt 0:00:25]} Kxa3 {[%emt 0:00:05]} 65. Kf8 $19 {[%emt 0:03:17]} Qb3 {[%emt 0:04:45]} 66. Qa1+ {[%emt 0:00:39]} Kb4 {[%emt 0:00:19]} 67. Qd4+ {[%emt 0:00:43]} Qc4 {[%emt 0:00:28]} 68. Qb2+ {[%emt 0:00:53]} Ka5 {[%emt 0:00:30]} 69. Qe5+ {[%emt 0:00:27]} Qb5 {[%emt 0:00:26]} 70. Qc7+ {[%emt 0:00:34]} Kb4 {[%emt 0:00:18]} 71. Qf4+ {[%emt 0:00:19]} Qc4 {[%emt 0:00:44]} 72. Qd2+ {[%emt 0:00:50]} Qc3 {[%emt 0:00:33]} 73. Qf4+ {[%emt 0:00:12]} Kb3 {[%emt 0:00:06]} 74. Qf7+ {[%emt 0:00:35]} Kb2 {[%emt 0:00:22]} 75. Qb7+ {[%emt 0:01:02]} Ka3 {[%emt 0:00:48]} 76. Qh1 {[%emt 0:01:31]} Qb2 {[%emt 0:01:13]} 77. Qf3+ {[%emt 0:00:54]} Qb3 {[%emt 0:00:54]} 78. Qh1 {[%emt 0:00:26]} Qb4+ {[%emt 0:00:07]} 79. Kf7 {[%emt 0:00:44]} Qc4+ {[%emt 0:00:16]} 80. Ke7 {[%emt 0:00:49]} Qe2+ {[%emt 0:00:12]} 81. Kd6 {[%emt 0:00:23]} Qd3+ {[%emt 0:00:30]} 82. Kc5 {[%emt 0:00:29]} Qc3+ {[%emt 0:00:10]} 83. Kb5 {[%emt 0:00:57]} Qb3+ {[%emt 0:00:51]} 84. Ka5 {[%emt 0:00:34]} Qc3+ {[%emt 0:00:25]} 85. Kb5 {[%emt 0:00:13]} Qb3+ {[%emt 0:00:10]} 86. Ka5 {[%emt 0:00:19]} Qc3+ {[%emt 0:00:41]} 1/2-1/2

[Event "VII Sunway Sitges Open-B 2020"]
[Site "Sitges"]
[Date "2020.12.20"]
[Round "7.3"]
[White "Pelegrin Serrano, Oriol"]
[Black "Segador Sanchez, Didac"]
[Result "0-1"]
[WhiteElo "1168"]
[BlackElo "1318"]
[Annotator "NA RC"]
[PlyCount "104"]
[EventDate "2020.12.13"]
[EventType "swiss"]
[EventCountry "ESP"]
[SourceTitle "playchess.com"]
[Source "ChessBase"]
[SourceQuality "1"]

1. e4 e6 2. d4 d5 3. exd5 exd5 4. Nf3 Nc6 5. c3 Nf6 6. Bd3 Be7 7. O-O O-O 8. Re1 Re8 9. Bf4 Bg4 10. Nbd2 Bd6 11. Bxd6 cxd6 12. Rxe8+ Qxe8 13. Qc2 Qd7 14. Re1 Re8 15. Rxe8+ Qxe8 16. h3 Bd7 17. Qb3 Qc8 18. Kh2 a6 19. Qa3 Qc7 20. c4 dxc4 21. Nxc4 d5+ 22. Qd6 Qxd6+ 23. Nxd6 b5 24. Bf5 Bxf5 25. Nxf5 Nb4 26. a3 Nd3 27. b4 Nxf2 28. Ne7+ Kf8 29. Nc6 Nd7 30. Nd2 f5 31. Nd8 Ke7 32. Nc6+ Kf6 33. Nd8 f4 34. Nb3 Ke7 35. Nc6+ Ke8 36. Nba5 Ne4 37. Nb7 h6 38. Nbd8 Nb6 39. Nb7 Kd7 40. Ne5+ Kc7 41. Na5 Nc3 42. Ng6 Ne2 43. Nb3 Nc4 44. Ne7 Nxa3 45. Nxd5+ Kd6 46. Nb6 Nc2 47. Nc8+ Kd7 48. Nb6+ Kc6 49. Nc8 Nexd4 50. Na5+ Kc7 51. Ne7 Nxb4 52. Ng6 Kb6 0-1

[Event "VII Sunway Sitges Open-B 2020"]
[Site "Sitges"]
[Date "2020.12.20"]
[Round "7.4"]
[White "Aeschbacher, Dimitri"]
[Black "Camps Abadia, Arnau"]
[Result "1-0"]
[WhiteElo "1261"]
[BlackElo "1177"]
[Annotator "NA RC"]
[PlyCount "79"]
[EventDate "2020.12.13"]
[EventType "swiss"]
[EventCountry "ESP"]
[SourceTitle "playchess.com"]
[Source "ChessBase"]
[SourceQuality "1"]

1. e4 {[%emt 0:00:00]} c5 {[%emt 0:00:00]} 2. Nf3 {[%emt 0:00:00]} Nc6 {[%emt 0:00:00]} 3. Bb5 {[%emt 0:00:37]} Qb6 {[%emt 0:00:00]} 4. Qe2 {[%emt 0:01:32]} Nf6 {[%emt 0:08:28]} 5. a4 {[%emt 0:04:04]} e6 {[%emt 0:08:40]} 6. O-O {[%emt 0:00:41]} Be7 {[%emt 0:00:44]} 7. d3 {[%emt 0:02:54]} a6 {[%emt 0:01:41]} 8. Bxc6 {[%emt 0:00:12]} Qxc6 {[%emt 0:00:10]} 9. Be3 {[%emt 0:00:59]} d5 {[%emt 0:01:27]} 10. e5 {[%emt 0:00:17]} Nd7 {[%emt 0:08:41]} 11. c4 {[%emt 0:06:10]} b6 {[%emt 0:07:41]} 12. b3 Bb7 13. Na3 {[%emt 0:07:06]} d4 {[%emt 0:01:46]} 14. Bd2 {[%emt 0:01:04]} g5 {[%emt 0:05:45]} 15. Ne1 {[%emt 0:03:26]} g4 {[%emt 0:03:19]} 16. Qxg4 {[%emt 0:00:21]} O-O-O {[%emt 0:02:37]} 17. f4 {[%emt 0:00:12]} Rhg8 18. Qf3 {[%emt 0:00:22]} Qc7 {[%emt 0:00:58]} 19. Qh3 {[%emt 0:01:17]} Rg6 {[%emt 0:10:33]} 20. Kf2 {[%emt 0:00:27]} f6 {[%emt 0:01:03]} 21. exf6 {[%emt 0:00:36]} Bxf6 {[%emt 0:10:22]} 22. Ke2 {[%emt 0:01:17]} Rdg8 {[%emt 0:15:42]} 23. g3 {[%emt 0:12:03]} Nb8 {[%emt 0:01:09]} 24. Qxe6+ {[%emt 0:02:26]} Kd8 {[%emt 0:01:47]} 25. Kd1 {[%emt 0:02:12]} Re8 {[%emt 0:05:22]} 26. Qh3 Qe7 {[%emt 0:00:20]} 27. Rf2 {[%emt 0:02:53]} Nc6 {[%emt 0:00:29]} 28. Qf1 {[%emt 0:02:43]} Bc8 {[%emt 0:01:19]} 29. Re2 {[%emt 0:01:20]} Bg4 {[%emt 0:00:17]} 30. Nf3 Qb7 31. Rxe8+ {[%emt 0:01:22]} Kxe8 {[%emt 0:00:39]} 32. Qe2+ {[%emt 0:00:11]} Kf7 {[%emt 0:01:01]} 33. Qe4 Nd8 {[%emt 0:00:03]} 34. Qxb7+ {[%emt 0:03:26]} Nxb7 {[%emt 0:04:24]} 35. Ke2 Nd6 {[%emt 0:00:02]} 36. Kf2 {[%emt 0:02:12]} Nf5 {[%emt 0:00:37]} 37. Re1 {[%emt 0:01:33]} Bg7 {[%emt 0:00:41]} 38. Ng5+ {[%emt 0:00:44]} Kg8 39. h3 h6 {[%emt 0:00:50]} 40. hxg4 1-0